000 01025cam a22002651i 4500
003 SA-RiAUC
005 20241208144903.0
008 241203s2013____le g 000r0 ara c
020 _a9786144164006
040 _aSA-RiIMS
_bara
_cSA-RiAUC
_erda
082 0 4 _a258.2
_qSA-RiAUC
090 _a258.2
_b غ ر ي
100 1 _aالغرياني، الصادق عبد الرحمن،
_d1942-
_eمؤلف.
245 1 0 _aمن ضوابط الاجتهاد عند المالكية /
_cالصادق بن عبد الرحمن الغرياني.
250 _aالطبعة الأولى.
264 1 _aبيروت :
_bدار ابن حزم،
_c2013
300 _a138 صفحة ؛
_c24 سم
336 _aنص
_btxt
_2rdacontent
_3كتاب
337 _aبدون وسيط
_bn
_2rdamedia
338 _aمجلد
_bnc
_2rdacarrier
650 7 _aالاجتهاد (أصول فقه)
_2aucsh
650 7 _aأصول الفقه الإسلامي
_xطريقة المالكية
_2aucsh
942 _2ddc
_cBOOK
_n0
949 _aSA-JeALM
_d241203
_umohamedma123
_n1
999 _c3126
_d3126